| 000 | 01071nam a2200325 a 4500 | ||
|---|---|---|---|
| 999 |
_c7937 _d7937 |
||
| 001 | 991033997669706706 | ||
| 003 | OSt | ||
| 005 | 20240925103303.0 | ||
| 008 | 110629s2011 spc|||| |||| 0|0 0 spa| | ||
| 015 |
_aLL2011 _2bnc |
||
| 017 |
_aDL B. 7789-2011 _bBiblioteca de Catalunya |
||
| 020 | _a9788408101222 | ||
| 035 | _a(ES-BaCBU).b49127019 | ||
| 040 |
_aES-BaBC _bcat _cCDMR |
||
| 080 | _a791:654.17 | ||
| 100 | 1 | _aÉvole, Jordi. | |
| 245 | 1 | 0 |
_aMás vale pedir perdón que pedir permiso : _bhistorias íntimas de "Salvados" / _cpor Jordi Évole y el equipo del programa |
| 260 |
_aBarcelona : _bPlaneta, _c2011 |
||
| 300 |
_a208 p., [24] p. de làm. : _bil. col. ; _c23 cm |
||
| 490 | 1 |
_aBooket Diversos. Humor ; _v9085. |
|
| 630 | 0 |
_aSalvados (Programa de televisió) _94971 |
|
| 650 | 7 |
_aTelevisió _zEspanya _xProgrames _2lemac |
|
| 830 | 0 |
_aBooket ; _v9085 |
|
| 830 | 0 |
_aBooket. _pDiversos |
|
| 830 | 0 |
_aBooket. _pHumor |
|
| 907 |
_a.b49127019 _b17-02-21 _c29-06-11 _d29-06-11 _em _fa _g- _hspa _ispc _j0 _k0 |
||
| 908 | _aBC | ||
| 940 | _aBC | ||
| 942 |
_2udc _cMON |
||